Eco-Materials Processing and Design IX: Selected, peer reviewed papers from 9th International Symposium on Eco-Materials Processing and Design, Changwon Convention Centre, Changwon City, Korea, January 7-9, 2008

Библиографические подробности
Автор-организация: Eco-Materials Processing and Design IX symposium
Другие авторы: Jun B. Byungsei (редактор), Kim H. Hyungsun, Lee C. Chanwon, Lee S. W. Soo Wohn
Язык:английский
Опубликовано: Stafa-Zurich, Trans Tech Publications LTD, 2008
Предметы:
Формат: Книга
Запись в KOHA:https://koha.lib.tpu.ru/cgi-bin/koha/opac-detail.pl?biblionumber=154559

MARC

LEADER 00000nam0a2200000 4500
001 154559
005 20231101221757.0
010 |a 9780878494729 
035 |a (RuTPU)RU\TPU\book\167652 
090 |a 154559 
100 |a 20090302d2008 k y0engy50 ba 
101 0 |a eng 
102 |a CH 
105 |a a z 101zy 
200 1 |a Eco-Materials Processing and Design IX  |e Selected, peer reviewed papers from 9th International Symposium on Eco-Materials Processing and Design, Changwon Convention Centre, Changwon City, Korea, January 7-9, 2008  |f edited by B. Jun, H. Kim, C. Lee, S. W. Lee 
210 |a Stafa-Zurich  |c Trans Tech Publications LTD  |d 2008 
215 |a 372 p.  |c il. 
320 |a Библиография в конце статей 
606 1 |a Материаловедение  |2 stltpush  |3 (RuTPU)RU\TPU\subj\41248  |9 61053 
610 1 |a материалы 
610 1 |a фотокатализ 
610 1 |a наноструктурные материалы 
610 1 |a гибридные материалы 
610 1 |a обработка 
610 1 |a применение 
610 1 |a симпозиумы 
610 1 |a английский язык 
675 |a 620.22(063)  |v 3 
702 1 |a Jun  |b B.  |g Byungsei  |4 340 
702 1 |a Kim  |b H.  |g Hyungsun  |4 340 
702 1 |a Lee  |b C.  |g Chanwon  |4 340 
702 1 |a Lee  |b S. W.  |g Soo Wohn  |4 340 
712 1 0 |a Eco-Materials Processing and Design IX  |b symposium  |d 9  |e Changwon City, Korea  |f 2008 
801 1 |a RU  |b 63413507  |c 20090302  |g PSBO 
801 2 |a RU  |b 63413507  |c 20090313  |g PSBO 
942 |c BK